1453 1129 1615 1834 1207 1943 1187 1782 1350 1596 1006 1946 1658 1515 1851 1365 1650 1149 1715 1059 1634 1624 1654 1350 1623 1408 1607 1316 1424 1137 1642 1578 1999 1556 1711 1635 1617 1167 1665 1275 1462 1918 1036 1333 1064 1735 1975 1999 1041 1685 1170 1097 1579 1058 1781 1532 1016 1311 1683 1513 1115 1454 1561 1062 1006 1354 1067 1965 1716 1891 1356 1740 1873 1425 1696 1304 1185 1902 1210 1348 1711 1394 1154 1425 1381 1366 1739 1110 1157 1168 1473 1665 1230 1405 1530 1658 1455 1019 1411 BCNSPRNW ULIB Ver.6.0+V

เปลี่ยนเป็นภาษาไทย

Change to English
 แสดงรายละเอียดบรรณานุกรม
  กลับหน้าหลัก

Brief Record : Get Marc (ISO 2709) : E-mail record : QR code < ปิดหน้าต่าง
LEADER : 00000nam 2200000uu 4500
001    13399108810
003     ULIB
008    110315s2542||||th 000 0 tha d
020    9746617974
060 04 WY105^bฟ311ส 2542
100 0  ฟาริดา อิบราฮิม
245 10 สาระการบริหารการพยาบาล /^cฟาริดา อิบราฮิม
250    พิมพ์ครั้งที่ 2
260    กรุงเทพฯ :^bโครงการพัฒนาตำราสาขาพยาบาล คณะพยาบาลศาสตร์มหาวิทยาลัยมหิดล,^c2542
300    364 หน้า ;^c26 ซม.
650  7 การพยาบาล^xองค์การและการบริหาร
710 2  มหาวิทยาลัยมหิดล. ^bคณะพยาบาลศาสตร์.^bโครงการพัฒนาตำราสาขาพยาบาลศาสตร์
945    ^p300^l0^i028748
945    ^p300^l0^i014137
945    ^p300^l0^i014135
945    ^p300^l0^i014136
995    เกษร
999 ^a ใช้งานได้ทุกระบบ
รายการนี้ยังไม่มีแท็ก
คุณยังไม่ได้ล็อกอิน คุณสามารถมีกิจกรรมร่วมกับเว็บไซต์ได้ แต่ต้องล็อกอินก่อน ::
  ล็อกอิน

รายการสื่อสารสนเทศ

ลำดับที่ ประเภท เลขเรียก/บาร์โค้ด สถานที่ สถานะ
- ไม่พบข้อมูล -

รายการใกล้เคียง
    ผู้แต่ง [ฟาริดา อิบราฮิม]

BibComment


ยังไม่เคยถูกคอมเมนท์

คอมเมนท์ทรัพยากรรายการนี้
  คอมเมนท์: สาระการบริหารการพ..


 Copyright 2026. Bcnsprnw @Library